000 00995cam7a220027700 4500
001 tmp15385795
003 UPRA
005 20190823101118.0
008 950801s1965 stk eng u
035 _a(Sirsi) r55915
035 _a(UPRA)tmp15385795
040 _cUPRA
100 1 _aDavey, K. G. (Kenneth George)
_qDavey, K. G. (Kenneth George)
_6A14629.1
245 1 0 _aReproduction in the insects.
260 _aEdinburgh :
_bOliver & Boyd,
_c[1965]
440 0 _aUniversity reviews in biology ;
_v5
_6S3331.1
504 _aBibliography: p. 86-94.
650 0 _aInsects.
_6S8668.1
650 0 _aReproduction.
_6S202.1
949 _aQL495
_wlcc
_i33729000221114
_mMAIN
_p2500
_tBOOK
_lON-SHELF
949 _aQL495
_wlcc
_i33729000221171
_mMAIN
_p2500
_tBOOK
_lON-SHELF
949 _aQL495
_wlcc
_i33729000221445
_mMAIN
_p2500
_tBOOK
_lON-SHELF
949 _aQL495
_wlcc
_i33729000221502
_mMAIN
_p2500
_tBOOK
_lON-SHELF
949 _aQL495
_wlcc
_i33729000221569
_mMAIN
_p2500
_tBOOK
_lON-SHELF
004 55915
999 _c146528
_d146528